[Event "83rd ESP-ch Women-ch 2018"]
[Site "Linares"]
[Date "2018.08.27"]
[Round "8"]
[White "Calzetta Ruiz, Monica"]
[Black "Diaz Castro, Ismael"]
[Result "0-1"]
[WhiteElo "2302"]
[BlackElo "2212"]
[Annotator "TA"]
[EventDate "2018.08.09"]
[PlyCount "94"]
[EventType "tourn"]
[EventCountry "ESP"]

1. e4 e5 2. Nf3 Nc6 3. Bb5 Bc5 4. O-O Nf6 5. d3 d6 6. c3 O-O 7. Nbd2 a5 8.
h3 Ba7 $146 9. Bxc6 bxc6 10. Nc4 a4 11. Bg5 h6 12. Bh4 g5 13. Nxg5 hxg5 $17
14. Bxg5 Kg7 15. Qf3 Kg6 16. h4 Bg4 $1 $19 17. Qg3 Qd7 18. Ne3 Bxe3 19.
Qxe3 $17 Nh5 20. f3 Be6 21. g4 $1 Ng7 22. Bf6 $1 $132 Rg8 23. Qg5+ Kh7 24.
Kh1 Nf5 $2 25. gxf5 $18 Rxg5 26. hxg5 Bxf5 27. exf5 $4 Qxf5 $19 28. Rad1
Qh3+ 29. Kg1 Qg3+ 30. Kh1 Kg6 31. Rd2 a3 32. b3 Ra5 33. c4 Ra8 34. Re2 Re8
35. Rh2 Kf5 36. Rg2 Qh3+ 37. Kg1 Ke6 38. f4 $2 Qe3+ 39. Rff2 exf4 40. Rg4
Kf5 41. Rxf4+ Qxf4 42. Rxf4+ Kxf4 43. Kf2 Re3 44. Bd8 Rxd3 45. Bxc7 Rd2+
46. Ke1 Rxa2 47. Bxd6+ Kxg5 0-1

[Event "83rd ESP-ch Women-ch 2018"]
[Site "Linares"]
[Date "2018.08.27"]
[Round "8"]
[White "Galiana Fernandez, Adrian"]
[Black "Lopez Varela, Pablo"]
[Result "0-1"]
[WhiteElo "2291"]
[BlackElo "2100"]
[Annotator "TA"]
[EventDate "2018.08.09"]
[PlyCount "122"]
[EventType "tourn"]
[EventCountry "ESP"]

1. e4 e5 2. Nf3 d6 3. Bc4 Be7 4. d3 Nf6 5. O-O O-O 6. Re1 c6 7. Bb3 Nbd7 8.
c3 Qc7 9. Nbd2 b6 10. Nf1 Nc5 11. Bc2 Ne6 12. Ng3 Re8 $146 13. d4 Bb7 14.
a4 a6 15. Be3 c5 16. d5 Nf8 17. Nf5 Ng6 18. h4 Bc8 19. Nh2 Bf8 20. Bg5 $16
Ne7 21. Nh6+ gxh6 22. Bxf6 Bg7 23. Qf3 Ng6 24. Bxg7 Kxg7 25. h5 Nf4 $14 26.
Kh1 Qe7 27. g3 Nh3 28. Ng4 Qg5 29. Ne3 Rg8 30. Nf5+ Bxf5 $1 $11 31. exf5
Kh8 32. f6 Nf4 $15 33. Bd1 Qxf6 34. Rf1 Rg7 35. c4 Rag8 $1 36. Ra3 Rg4 $1
37. Qxg4 Rxg4 38. Bxg4 Qg5 $1 39. Bd1 Nxh5 40. Rb3 Nf6 41. Rxb6 Ne4 42.
Rxa6 Qd2 43. Kg2 Kg7 44. Bf3 Ng5 $1 $17 45. Rd1 Qxb2 46. Bh5 $2 e4 47. Re1
Qe5 48. Re3 $1 $11 f5 49. Ra7+ Kf6 $14 50. Ra8 Qb2 51. a5 Qb7 52. Rf8+ Ke5
53. Be8 $2 Qg7 $1 $19 54. Bc6 Qxf8 55. f4+ Kd4 56. Rb3 Nf3 57. a6 Qe7 58.
Bb7 Qc7 59. Rb5 Qb8 60. Rb6 Qe8 61. Bc6 Qh5 0-1

[Event "83rd ESP-ch Women-ch 2018"]
[Site "Linares"]
[Date "2018.08.27"]
[Round "8"]
[White "Diaz Castro, Sergio"]
[Black "Cuevas Fernandez, Jose Alberto"]
[Result "1/2-1/2"]
[WhiteElo "2289"]
[BlackElo "2147"]
[Annotator "TA"]
[EventDate "2018.08.09"]
[PlyCount "143"]
[EventType "tourn"]
[EventCountry "ESP"]

1. e4 c5 2. c3 d5 3. exd5 Nf6 4. Bb5+ Nbd7 5. c4 g6 6. Nf3 Bg7 7. O-O O-O
8. d4 cxd4 $1 9. Bxd7 Bxd7 10. Nxd4 Rc8 $146 11. Na3 b5 12. Ndxb5 Bxb5 13.
Nxb5 Rxc4 14. Nc3 Qb6 15. Qe2 Rc7 16. Bf4 Rb7 17. Rab1 $36 Rc8 18. Be5 Qa5
19. Rfd1 Rd8 20. d6 exd6 $2 21. Bxf6 $18 Bxf6 22. Qf3 $1 Bxc3 23. Qxb7 Be5
24. Qd5 Qa4 25. Rdc1 Qf4 26. g3 Qf6 27. Rc4 Rb8 28. b4 Kg7 29. Kg2 h5 30.
h4 Re8 31. Rd1 Re6 32. Rc7 Bc3 33. Rd3 Re5 34. Qxd6 Qxd6 35. Rxd6 Bxb4 36.
Rdd7 Rf5 37. f3 a5 38. Kf2 Rf6 39. f4 Kg8 40. Kf3 Kg7 41. Rb7 Rf5 42. a4
Be1 43. Re7 Bc3 44. Re3 Bd2 45. Ree7 $2 Rf6 $2 46. Ra7 Bc3 47. Reb7 Bd2 48.
Ke4 Be1 49. Kf3 Bd2 50. Rb5 Bc3 51. Ke4 Be1 52. Rbxa5 Bxa5 53. Rxa5 Rc6 54.
Rd5 Rc4+ 55. Rd4 Rc3 56. Rd3 Rc4+ 57. Rd4 Rc3 58. a5 Ra3 59. Rd5 Kf6 60.
Kd4 Rxg3 $2 61. Kc5 $1 Rf3 62. Rd4 Kf5 63. a6 Ra3 64. Kb6 Kg4 65. a7 $2
Kxh4 $11 66. f5+ Kg5 67. fxg6 Rxa7 $1 68. Kxa7 fxg6 69. Kb6 h4 70. Kc5 h3
71. Kd5 h2 72. Rd1 1/2-1/2

[Event "83rd ESP-ch Women-ch 2018"]
[Site "Linares"]
[Date "2018.08.27"]
[Round "8"]
[White "Esquivias Quintero, Luis Manuel"]
[Black "Sosa Suarez, Carla Cristina"]
[Result "1-0"]
[WhiteElo "2260"]
[BlackElo "2006"]
[Annotator "TA"]
[EventDate "2018.08.09"]
[PlyCount "43"]
[EventType "tourn"]
[EventCountry "ESP"]

1. e4 e6 2. d4 d5 3. Nd2 Be7 4. Ngf3 Nf6 5. e5 Nfd7 6. c3 c5 7. Bd3 Nc6 8.
O-O g5 9. Qe2 h5 10. dxc5 g4 11. Nd4 Ndxe5 12. Bb5 Bd7 13. b4 Ng6 14. Bxc6
$146 bxc6 15. f4 Qc7 16. N2b3 $16 Nh4 17. f5 $36 Rg8 $2 18. Bf4 Qc8 19.
Rae1 $18 a5 20. Bg3 Nf3+ 21. gxf3 gxf3 22. Qxf3 1-0

[Event "83rd ESP-ch Women-ch 2018"]
[Site "Linares"]
[Date "2018.08.27"]
[Round "8"]
[White "Sanchez Jerez, Emilio Miguel"]
[Black "Gomez Sanjuan, Hector Fernando"]
[Result "1-0"]
[WhiteElo "2246"]
[BlackElo "2146"]
[Annotator "TA"]
[EventDate "2018.08.09"]
[PlyCount "93"]
[EventType "tourn"]
[EventCountry "ESP"]

1. c4 e5 2. Nc3 Nc6 3. Nf3 Nf6 4. a3 a5 5. e3 Be7 6. Qc2 O-O 7. b3 d6 8.
Bb2 Re8 9. Bd3 Bf8 10. Ng5 g6 11. h4 $146 Nh5 12. g4 Bxg4 $11 13. Rg1 $1
Nf6 14. Nce4 Nxe4 $1 15. Bxe4 Bh5 $2 16. Bd5 $14 Re7 17. Nxf7 $1 $18 Rxf7
18. Qf5 $1 Qe7 19. Qxh5 $1 $40 Bg7 20. Qg4 Kh8 21. Bxf7 Qxf7 22. O-O-O $1
a4 23. b4 Ne7 24. Kb1 b5 25. cxb5 Qd5 26. d3 Qxb5 27. h5 c5 28. hxg6 h6 29.
Qc4 Qb7 30. b5 Ra5 31. Ka2 d5 32. Qxc5 Rxb5 33. Qc2 Rb3 34. Rb1 Qb5 35. f4
d4 36. fxe5 dxe3 37. Qc4 Qa5 38. d4 Ng8 39. Rgc1 e2 40. Qxe2 Bf8 41. Qc4
Qd2 42. g7+ Bxg7 43. Rc2 Qe3 44. Qxa4 Rd3 45. Qc4 Bf8 46. Rc3 Rxd4 47.
Qxg8+ $1 1-0

[Event "83rd ESP-ch Women-ch 2018"]
[Site "Linares"]
[Date "2018.08.27"]
[Round "8"]
[White "Orantes Taboada, Francisco"]
[Black "Pablos Tenrero, Raquel"]
[Result "1-0"]
[WhiteElo "2242"]
[BlackElo "2015"]
[Annotator "TA"]
[EventDate "2018.08.09"]
[PlyCount "63"]
[EventType "tourn"]
[EventCountry "ESP"]

1. Nf3 Nf6 2. g3 b5 3. Bg2 Bb7 4. O-O e6 5. b3 Be7 6. Bb2 d6 7. d3 O-O 8.
Nbd2 Nbd7 9. c4 b4 10. d4 c5 11. Qc2 cxd4 12. Bxd4 $146 e5 13. Bb2 Nc5 14.
Rfd1 Qb6 15. Nh4 Ng4 16. Nf5 $14 Bg5 17. Bxb7 $18 Qxb7 18. Nxd6 Qb6 19. Qf5
$1 Qxd6 20. Qxg5 f5 21. h3 $1 Ne6 22. Qh4 Nf6 23. Nf3 Qb6 24. Bxe5 Ne4 25.
Bd4 Nxd4 26. Rxd4 Nc3 27. Kf1 Rae8 28. e3 Re4 29. Rxe4 fxe4 30. Nd4 Qg6 31.
Qg4 Qf7 32. Qe6 1-0

[Event "83rd ESP-ch Women-ch 2018"]
[Site "Linares"]
[Date "2018.08.27"]
[Round "8"]
[White "Blazquez Gomez, Juan Carlos"]
[Black "Alvarez Morales, Miguel"]
[Result "1/2-1/2"]
[WhiteElo "2240"]
[BlackElo "1955"]
[Annotator "TA"]
[EventDate "2018.08.09"]
[PlyCount "72"]
[EventType "tourn"]
[EventCountry "ESP"]

1. e4 c5 2. a3 g6 3. b4 Bg7 4. Nc3 b6 5. g3 Bb7 6. Bg2 d5 $146 7. exd5 Nf6
8. Rb1 Nxd5 9. Nxd5 Bxd5 10. Bxd5 Qxd5 11. Qf3 Qa2 12. Qb3 Qxb3 13. Rxb3
cxb4 14. axb4 Nc6 15. Bb2 Bxb2 16. Rxb2 a5 17. bxa5 bxa5 18. Ne2 O-O 19. d3
Rfd8 20. Kd2 Kg7 21. f4 Rd7 22. Ra1 h5 23. Ra4 Raa7 24. Rb5 Rdb7 25. Rc5
Ra6 26. Nc3 e6 27. h3 Rb4 28. Ra1 h4 29. gxh4 Rxf4 $17 30. h5 Rf2+ 31. Ke3
Rh2 32. hxg6 Rxh3+ 33. Kd2 Rh2+ 34. Ke3 f5 35. Rg1 Rxc2 36. Ne4 $2 fxe4 $2
1/2-1/2

[Event "83rd ESP-ch Women-ch 2018"]
[Site "Linares"]
[Date "2018.08.27"]
[Round "8"]
[White "Garcia Romero, Benjamin Abel"]
[Black "Badillo Ramos, Steve"]
[Result "1/2-1/2"]
[WhiteElo "2230"]
[BlackElo "1901"]
[Annotator "TA"]
[EventDate "2018.08.09"]
[PlyCount "160"]
[EventType "tourn"]
[EventCountry "ESP"]

1. e4 e6 2. d4 d5 3. Nd2 Nf6 4. e5 Nfd7 5. Bd3 c5 6. c3 Nc6 7. Ne2 cxd4 8.
cxd4 f6 9. exf6 Nxf6 10. Nf3 Bd6 11. O-O Qc7 12. Bg5 O-O 13. Bh4 e5 14.
dxe5 Nxe5 15. Nxe5 Bxe5 16. Bg3 Bxg3 17. Nxg3 Bg4 18. Qd2 Rac8 $146 19.
Rfe1 Rfe8 20. h3 Bd7 21. Qg5 h6 22. Qg6 Rxe1+ $11 23. Rxe1 Be8 24. Qf5 Bd7
25. Qf3 Re8 26. Qd1 Re5 27. Re2 Qd6 28. a3 Qe7 29. b4 Rxe2 30. Bxe2 Qe5 31.
Bf3 Bc6 32. Ne2 Qb2 33. Qd3 Ne4 34. Bxe4 dxe4 35. Qe3 Qb1+ 36. Nc1 a6 37.
h4 Qc2 38. Kh2 Bd5 39. Ne2 Qd3 40. Nc3 Bc6 41. Qg3 Kf7 42. Qe5 Qc4 43. Kg3
Qd3+ 44. Kh2 Qc4 45. Qc7+ Kf6 46. Qd8+ Kf7 47. Qc7+ Kf6 48. Qf4+ Ke6 49.
Qg3 Qd4 50. Ne2 Qd6 51. Nf4+ Kf5 52. Qh3+ Kf6 $1 53. Qc3+ Qe5 $1 $17 54.
Qxe5+ Kxe5 55. Kg3 Bd7 56. Ng6+ Kd5 57. Kf4 Be8 58. Ne5 b6 59. Ng4 Kc4 60.
Kxe4 Kb3 61. Kd4 a5 62. bxa5 bxa5 63. Ne3 Kxa3 64. Kc3 g5 65. hxg5 hxg5 66.
Nc4+ Ka4 67. f3 Bg6 68. Ne5 Bf5 69. g4 Be6 70. Nd3 Bd5 71. f4 gxf4 72. Nxf4
Bf7 73. Nd3 Kb5 74. Ne5 Be8 75. Nc4 Kc5 76. Nxa5 Kd5 77. Kd3 Ke5 78. Ke3
Bd7 79. Nc4+ Kf6 80. Kf4 Bxg4 1/2-1/2

[Event "83rd ESP-ch Women-ch 2018"]
[Site "Linares"]
[Date "2018.08.27"]
[Round "8"]
[White "Rodriguez Perez, Angel Mariano"]
[Black "Ladron de Guevara Pinto, Paolo"]
[Result "0-1"]
[WhiteElo "2223"]
[BlackElo "2424"]
[Annotator "TA"]
[EventDate "2018.08.09"]
[PlyCount "102"]
[EventType "tourn"]
[EventCountry "ESP"]

1. e4 g6 2. d4 Bg7 3. Nc3 d5 4. exd5 Nf6 5. Bb5+ Nbd7 6. Nf3 O-O 7. O-O Nb6
8. Bg5 Nbxd5 9. Nxd5 Qxd5 10. Be2 c6 $146 11. c3 Bg4 12. Ne5 Bxe2 $11 13.
Qxe2 Rfe8 14. Qc4 Ne4 15. Qxd5 cxd5 16. Be3 Nd6 17. Nd3 f6 18. Rfe1 Nc4 19.
f4 Kf7 20. Re2 e6 21. Rae1 a5 22. Bc1 b6 23. g4 Nd6 24. h4 Rad8 25. Kg2 h5
26. g5 Rc8 27. a3 Rc6 28. Kh3 f5 29. Bd2 Ne4 30. Nf2 b5 31. Nxe4 fxe4 $17
32. Ra1 Rb8 33. b4 Ra6 34. bxa5 Rxa5 35. Bc1 Rc8 36. Bb2 Ke7 37. Kg3 Kd7
38. Kf2 Bf8 39. Ke3 Rca8 40. Kd2 Bxa3 41. Kc2 Bxb2 42. Rxa5 Rxa5 43. Kxb2
$19 Ra4 44. Re1 Kc6 45. Kb3 Kb6 46. Rf1 Ka5 47. Rc1 Kb6 48. Rf1 $1 Rc4 49.
Ra1 b4 $1 50. cxb4 Rxd4 51. Ra8 e3 0-1

[Event "83rd ESP-ch Women-ch 2018"]
[Site "Linares"]
[Date "2018.08.27"]
[Round "8"]
[White "Kolotilina, Liudmila"]
[Black "Matnadze, Ana"]
[Result "1/2-1/2"]
[WhiteElo "2216"]
[BlackElo "2378"]
[Annotator "TA"]
[EventDate "2018.08.09"]
[PlyCount "78"]
[EventType "tourn"]
[EventCountry "ESP"]

1. c4 Nf6 2. Nc3 c5 3. e4 Nc6 4. g3 d6 5. Bg2 g6 6. Nge2 Bg7 7. O-O O-O 8.
d3 Ne8 9. Be3 Nc7 10. d4 cxd4 11. Nxd4 Ne5 12. b3 Ng4 13. Bc1 Ne6 14. Nxe6
fxe6 15. Qxg4 Bxc3 16. Bh6 Bxa1 17. Bxf8 Qxf8 18. Rxa1 Qf6 19. Rf1 $146 e5
20. Qe2 Be6 21. Qe3 b6 22. Qc3 Rc8 23. Qb4 Rc5 24. Qd2 g5 25. Qe2 Qg6 26.
Bf3 Bf7 27. Kh1 h5 28. Rg1 Kg7 29. Qe3 Rc8 30. a4 Rc5 31. Be2 g4 32. h3 Be6
33. hxg4 hxg4 34. Kg2 Rc8 35. Rh1 Rf8 36. Rh4 Bd7 37. Kg1 Be6 38. Kg2 Bd7
39. Kg1 Be6 1/2-1/2

[Event "83rd ESP-ch Women-ch 2018"]
[Site "Linares"]
[Date "2018.08.27"]
[Round "8"]
[White "Garcia Vicente, Nieves"]
[Black "Gonzalez Garcia, Francisco"]
[Result "1-0"]
[WhiteElo "2181"]
[BlackElo "1972"]
[Annotator "TA"]
[EventDate "2018.08.09"]
[PlyCount "103"]
[EventType "tourn"]
[EventCountry "ESP"]

1. d4 Nf6 2. c4 g6 3. Nc3 d5 4. cxd5 Nxd5 5. e4 Nxc3 6. bxc3 Bg7 7. Nf3 c5
8. Be3 O-O 9. Qd2 Qa5 10. Rc1 cxd4 11. cxd4 Qxd2+ 12. Kxd2 e6 13. Bd3 Nc6
14. Rc4 $146 Bd7 15. Rhc1 Rfc8 16. d5 exd5 17. exd5 Ne5 18. Rxc8+ Bxc8 19.
Be2 b6 20. Rc7 Nxf3+ 21. Bxf3 Bf8 22. Bf4 Bb4+ $2 23. Kc2 $1 $18 Bf5+ 24.
Kb3 Bc5 25. g4 Bd3 26. d6 Rd8 27. Bd5 Bxd6 $16 28. Bxf7+ Kg7 $14 29. Bxd6
Rxd6 30. Rxa7 Kf6 31. Bg8 Be2 32. Rxh7 Bxg4 33. Bc4 Ke5 34. Kb4 Bd7 35. Rg7
Kf4 36. Rf7+ Ke5 37. Kc3 Bf5 38. Rc7 Kf4 39. Be2 g5 40. Rc4+ Ke5 41. Rb4
Rh6 $2 42. f4+ $1 $18 gxf4 43. Rb5+ Ke4 $2 44. Bd3+ Ke3 45. Re5+ Kf3 46.
Rxf5 Rxh2 47. a4 Ra2 $2 48. Bb5 Kg3 49. Rf6 f3 50. Rxb6 f2 51. Rf6 Kg2 52.
Kb4 1-0

[Event "83rd ESP-ch Women-ch 2018"]
[Site "Linares"]
[Date "2018.08.27"]
[Round "8"]
[White "Garcia Garcia, Adrian Antonio"]
[Black "Sanchez Aller, Fernando"]
[Result "0-1"]
[WhiteElo "2179"]
[BlackElo "2345"]
[Annotator "TA"]
[EventDate "2018.08.09"]
[PlyCount "64"]
[EventType "tourn"]
[EventCountry "ESP"]

1. e4 e5 2. Nf3 Nc6 3. Bc4 Nf6 4. Qe2 Bc5 5. O-O d6 6. h3 Bb6 7. c3 h6 8.
Rd1 $146 g5 9. d4 Qe7 10. d5 Nb8 11. Be3 Nbd7 12. Bxb6 axb6 13. Bb5 Kd8 14.
Bxd7 Bxd7 $15 15. Nh2 h5 16. Nd2 Ne8 17. Ndf1 g4 18. hxg4 hxg4 19. Nxg4 Qh4
20. Ngh2 Nf6 $17 21. f3 Ke7 $36 22. g3 Rag8 $19 23. Qg2 Bh3 24. Kf2 Bxg2
25. gxh4 Rxh4 26. Ng4 $2 Nxg4+ 27. fxg4 Rhxg4 28. Re1 $2 Bxe4 29. Ne3 Rh4
30. Ke2 Rh2+ 31. Kd1 f5 32. Kc1 f4 0-1

[Event "83rd ESP-ch Women-ch 2018"]
[Site "Linares"]
[Date "2018.08.27"]
[Round "8"]
[White "Romero Romero, Sebastian"]
[Black "Balbuena Fuentes, Mario"]
[Result "0-1"]
[WhiteElo "2171"]
[BlackElo "2306"]
[Annotator "TA"]
[EventDate "2018.08.09"]
[PlyCount "104"]
[EventType "tourn"]
[EventCountry "ESP"]

1. Nf3 b6 2. e4 Bb7 3. e5 e6 4. d4 d6 5. Bd3 Nd7 6. Qe2 $146 Ne7 7. Nc3 Ng6
8. d5 Ngxe5 9. Nxe5 Nxe5 10. Bb5+ c6 11. dxc6 Nxc6 12. Bf4 a6 13. Bxc6+
Bxc6 14. O-O-O Be7 15. Be5 Kf8 16. Qg4 f6 $1 17. Bg3 Kf7 18. Rhe1 Qd7 19.
Qb4 Rhd8 20. Qxb6 Bxg2 $19 21. Qa5 Bc6 22. Ne4 Bxe4 23. Rxe4 d5 24. Re3
Rdc8 25. Qd2 Rc5 26. Qe2 Rac8 27. Qxa6 Rxc2+ 28. Kb1 R8c6 29. Qd3 Qc8 $40
30. Ree1 $2 Bb4 31. Rg1 Bd2 $1 32. a3 Bc1 33. Be5 fxe5 34. Qxh7 Rxb2+ 35.
Ka1 Ra2+ 36. Kxa2 Rc2+ 37. Kb1 Qb7+ 38. Kxc2 Qb2+ 39. Kd3 e4+ 40. Qxe4
dxe4+ 41. Kxe4 Qe2+ 42. Kd4 Bb2+ 43. Kc5 Bxa3+ 44. Kc6 Be7 45. Rb1 Qf3+ 46.
Kc7 Qf4+ 47. Kc8 Qxh2 48. f4 Bf6 49. Rb7+ Kg8 50. Re1 Qxf4 51. Rxe6 Qc4+
52. Kd7 Qd5+ 0-1

[Event "83rd ESP-ch Women-ch 2018"]
[Site "Linares"]
[Date "2018.08.27"]
[Round "8"]
[White "Roldan Marques, Daniel"]
[Black "Ortin Blanco, Ainhoa"]
[Result "1-0"]
[WhiteElo "2161"]
[BlackElo "1951"]
[Annotator "TA"]
[EventDate "2018.08.09"]
[PlyCount "94"]
[EventType "tourn"]
[EventCountry "ESP"]

1. d4 d5 2. c4 e6 3. Nc3 Bb4 4. e3 c5 5. Nf3 Nc6 6. Be2 Nf6 7. O-O O-O 8.
Qc2 cxd4 9. exd4 dxc4 10. Rd1 Nd5 11. Bxc4 Be7 12. a3 $146 a6 13. Ne4 f5
14. Neg5 Bf6 15. b4 Nb8 $2 16. Re1 $16 Qd6 17. Qa2 Kh8 18. Bb2 b6 $2 19.
Nxe6 $1 $18 Nc7 20. Nxf8 Qxf8 21. d5 Ne8 22. Bxf6 Nxf6 23. Ne5 Nbd7 24. Qe2
b5 25. Nxd7 Bxd7 26. Bb3 Re8 27. Qd3 Ne4 28. f3 Nd6 29. Rxe8 Qxe8 30. Qd2
Qf8 31. Re1 f4 32. Qd4 Kg8 33. Qe5 h6 34. Qe7 Bf5 35. Qxf8+ Kxf8 36. Rc1
Ke7 37. Rc7+ Kf6 38. Rc6 Ke5 39. Rxa6 Bd3 40. a4 bxa4 41. Rxa4 Nb5 42. Ra5
g5 43. Ba4 Nc3 44. Bc6 Kd6 45. Ra8 Bc4 46. Rh8 Ne2+ 47. Kf2 Nc1 1-0

[Event "83rd ESP-ch Women-ch 2018"]
[Site "Linares"]
[Date "2018.08.27"]
[Round "8"]
[White "Arroyo Rodriguez, Jesus"]
[Black "Diaz Rodriguez, Jose Antonio"]
[Result "1/2-1/2"]
[WhiteElo "2099"]
[BlackElo "1991"]
[TimeControl "40/5400+30:1800+30"]
[Annotator "NA"]
[EventDate "2018.08.09"]
[PlyCount "84"]
[EventType "tourn"]
[EventCountry "ESP"]

1. Nf3 Nf6 2. g3 c6 3. c4 g6 4. b3 d6 5. d4 Bg7 6. Bb2 O-O 7. Bg2 a5 8. a3
Bg4 9. h3 Bd7 10. O-O Ne4 11. Ne1 d5 12. Nc3 Nxc3 13. Bxc3 Be6 14. c5 Nd7
15. Qd2 Nf6 16. f3 Qc7 17. Qf4 Qd7 18. g4 Ne8 19. Nd3 f6 20. Rfb1 h5 21. b4
axb4 22. Rxb4 Qc8 23. a4 Kh7 24. Bd2 Rh8 25. Rab1 Ra7 26. Kf2 Kg8 27. Qg3
h4 28. Qh2 Nc7 29. Bf4 Na6 30. Rb6 Kf7 31. Qg1 Bh6 32. Bh2 Bd2 33. Qd1 Ba5
34. R6b3 Bc7 35. f4 Qa8 36. Qd2 Bc8 37. e4 e6 38. Qc2 Nb8 39. Rb4 Na6 40.
R4b3 Nb8 41. Rb4 Na6 42. R4b3 Qb8 1/2-1/2

[Event "83rd ESP-ch Women-ch 2018"]
[Site "Linares"]
[Date "2018.08.27"]
[Round "8"]
[White "Gil Quilez, Sonia"]
[Black "Antunez Munoz, Ines"]
[Result "1/2-1/2"]
[WhiteElo "2066"]
[BlackElo "1956"]
[TimeControl "40/5400+30:1800+30"]
[Annotator "NA"]
[EventDate "2018.08.09"]
[PlyCount "122"]
[EventType "tourn"]
[EventCountry "ESP"]

1. d4 d5 2. c4 e6 3. Nc3 a6 4. cxd5 exd5 5. Qb3 Nc6 6. Nf3 Be6 7. Bf4 Bd6
8. Bg3 Nf6 9. e3 O-O 10. a3 Rb8 11. Bd3 Ne7 12. Qc2 c6 13. Ne5 g6 14. Bf4
Kg7 15. h3 Qc7 16. g4 c5 17. Be2 cxd4 18. exd4 Ne4 19. Qc1 Rfc8 20. Bh6+
Kg8 21. Qf4 Nc6 22. Nxe4 dxe4 23. Qf6 Bf8 24. Bxf8 Rxf8 25. Rd1 Rfd8 26.
O-O Rd6 27. Nxc6 Qxc6 28. Qf4 Rbd8 29. Qe3 Qb6 30. Rd2 Bd5 31. Rc1 Rc6 32.
Rc5 Qc7 33. b4 Qd6 34. Rdc2 f5 35. gxf5 gxf5 36. Rxc6 Bxc6 37. Qg5+ Qg6 38.
Qxg6+ hxg6 39. Bxa6 Rxd4 40. b5 Bd5 41. Rc8+ Kg7 42. Rc7+ Kf6 43. Bxb7 Bxb7
44. Rxb7 Ra4 45. Rb6+ Kg5 46. Ra6 Rc4 47. b6 Rc1+ 48. Kg2 Rb1 49. a4 Rb2
50. a5 e3 51. Ra7 Rxf2+ 52. Kg1 Rb2 53. Re7 Kf4 54. b7 Kf3 55. h4 Rb1+ 56.
Kh2 Rb2+ 57. Kh3 Rb1 58. Kh2 Rb2+ 59. Kg1 Rb1+ 60. Kh2 Rb2+ 61. Kh3 Rb1
1/2-1/2

[Event "83rd ESP-ch Women-ch 2018"]
[Site "Linares"]
[Date "2018.08.27"]
[Round "8"]
[White "Fernandez Montero, Francisco Manuel"]
[Black "Argibay Fontan, Santiago"]
[Result "1-0"]
[WhiteElo "2046"]
[BlackElo "1788"]
[TimeControl "40/5400+30:1800+30"]
[Annotator "NA"]
[EventDate "2018.08.09"]
[PlyCount "153"]
[EventType "tourn"]
[EventCountry "ESP"]

1. e4 e5 2. Bc4 Nc6 3. Nc3 Nf6 4. d3 Be7 5. f4 d6 6. Nf3 Bg4 7. h3 Be6 8.
f5 Bxc4 9. dxc4 Nb8 10. g4 h6 11. Be3 c6 12. Qd2 Qa5 13. O-O-O Na6 14. Kb1
O-O-O 15. Nd5 Qxd2 16. Nxe7+ Kd7 17. Nxd2 Ra8 18. Nxc6 bxc6 19. Rhg1 c5 20.
h4 h5 21. g5 Ng4 22. Nf1 Kc7 23. Rg3 Nb4 24. Bg1 a5 25. Nd2 Rhd8 26. c3 Na6
27. Kc2 a4 28. Nb1 Kc6 29. Rgd3 Nc7 30. Na3 Rab8 31. b3 axb3+ 32. axb3 Rb7
33. Nb1 Rbb8 34. Kb2 Rb7 35. Nd2 Na6 36. Ra1 Nc7 37. Rf3 Ra8 38. Rff1 Rba7
39. b4 Ra4 40. Rxa4 Rxa4 41. Ra1 Ra8 42. Rxa8 Nxa8 43. Nb3 Nb6 44. Na5+ Kc7
45. Kb3 Nd7 46. Ka4 Kb6 47. Nb3 Kc6 48. Ka5 Nb6 49. bxc5 Nxc4+ 50. Kb4 Nb2
51. Na5+ Kd7 52. c6+ Kc8 53. Nb7 Nd3+ 54. Kb5 Ngf2 55. Nxd6+ Kc7 56. Bxf2
Nxf2 57. Nxf7 Nxe4 58. Nxe5 Nd6+ 59. Kc5 Nxf5 60. Ng6 Nd6 61. Nf4 Ne4+ 62.
Kd4 Nd6 63. Ne6+ Kxc6 64. Nxg7 Nb5+ 65. Kd3 Kd6 66. Nxh5 Ke6 67. g6 Nd6 68.
g7 Kf7 69. c4 Nf5 70. c5 Ne7 71. Kc4 Nf5 72. Kd5 Ne7+ 73. Kd6 Nf5+ 74. Kd7
Ne3 75. c6 Nd5 76. c7 Nb6+ 77. Kd8 1-0

[Event "83rd ESP-ch Women-ch 2018"]
[Site "Linares"]
[Date "2018.08.27"]
[Round "8"]
[White "Vergara Anton, Diego"]
[Black "Suarez Uriel, Adrian"]
[Result "0-1"]
[WhiteElo "2022"]
[BlackElo "2391"]
[Annotator "TA"]
[EventDate "2018.08.09"]
[PlyCount "88"]
[EventType "tourn"]
[EventCountry "ESP"]

1. d4 Nf6 2. c4 g6 3. g3 Bg7 4. Bg2 O-O 5. Nc3 d6 6. Nf3 Nc6 7. O-O a6 8.
h3 Rb8 9. e4 e5 10. dxe5 Nxe5 11. Nxe5 dxe5 12. Be3 Be6 13. Qa4 $146 Qc8
14. Kh2 b5 15. cxb5 axb5 16. Qc2 Qb7 17. Rfd1 c6 18. Bc5 Rfe8 19. Bd6 Rbc8
20. b4 Nd7 21. a4 Nb6 22. a5 Nc4 23. a6 Qa8 $1 24. Bc5 $1 Bf8 25. Bxf8 Rxf8
26. Nb1 Qa7 27. Na3 Nxa3 28. Rxa3 c5 29. bxc5 Rxc5 30. Rc3 Bc4 31. Ra1 Rfc8
$36 32. Qb2 R5c6 33. Bf1 Rxa6 $17 34. Bxc4 bxc4 35. Rxa6 Qxa6 36. Qb4 Qc6
$19 37. f3 Qa8 38. h4 $2 h5 39. Kh3 $2 Qa1 40. Kg2 Qe1 41. Qb2 Rd8 42. Rc2
Rd1 43. Qb8+ Kh7 44. Qxe5 Qf1+ 0-1

[Event "83rd ESP-ch Women-ch 2018"]
[Site "Linares"]
[Date "2018.08.27"]
[Round "8"]
[White "Perez Beltran, Salvador"]
[Black "Vazquez Pino, Miguel Angel"]
[Result "1-0"]
[WhiteElo "2018"]
[BlackElo "1909"]
[TimeControl "40/5400+30:1800+30"]
[Annotator "NA"]
[EventDate "2018.08.09"]
[PlyCount "77"]
[EventType "tourn"]
[EventCountry "ESP"]

1. d4 Nf6 2. Nf3 c5 3. d5 e6 4. c4 exd5 5. cxd5 d6 6. Nc3 g6 7. Bf4 Bg7 8.
Qa4+ Bd7 9. Qb3 Qc7 10. h3 O-O 11. e3 a6 12. a4 Bf5 13. Nd2 Re8 14. Be2 h6
15. g4 Bc8 16. Nc4 Bf8 17. O-O-O Nbd7 18. h4 Ne4 19. Nxe4 Rxe4 20. Bd3 Re8
21. Bg3 Nf6 22. Nb6 Rb8 23. g5 Ne4 24. h5 Nxg3 25. fxg3 Rxe3 26. hxg6 fxg6
27. gxh6 Bf5 28. Nc4 Rxg3 29. Qc2 Bxd3 30. Rxd3 Rg5 31. Qc3 Kh7 32. Qd2 Qd8
33. Rf3 Rf5 34. Rg3 Qf6 35. Ne3 Rf2 36. Ng4 Qf4 37. Nxf2 Qxg3 38. Ne4 Qb3
39. Ng5+ 1-0

[Event "83rd ESP-ch Women-ch 2018"]
[Site "Linares"]
[Date "2018.08.27"]
[Round "8"]
[White "Comellas Martos, Lidia"]
[Black "Cesar Maestre, Bernardo"]
[Result "1-0"]
[WhiteElo "2001"]
[BlackElo "1861"]
[TimeControl "40/5400+30:1800+30"]
[Annotator "NA"]
[EventDate "2018.08.09"]
[PlyCount "41"]
[EventType "tourn"]
[EventCountry "ESP"]

1. e4 c5 2. Nf3 d6 3. Bb5+ Nd7 4. d4 Nf6 5. O-O Nxe4 6. Qe2 Nf6 7. dxc5
dxc5 8. Rd1 e6 9. Ne5 a6 10. Bxd7+ Nxd7 11. Na3 Be7 12. Nac4 Qc7 13. Bf4
Nxe5 14. Bxe5 Qc6 15. Nd6+ Kf8 16. Qh5 Bxd6 17. Rxd6 Qe8 18. Rad1 Ke7 19.
Qg5+ f6 20. Qxg7+ Qf7 21. Bxf6+ 1-0